000 00321nam a22001457a 4500
003 SGT
082 _a611
_bW25S
100 _aSONATAKKE, YOGESH
245 _aWORKBOOK OF HUMANANATOMY UPPER LIMB VOI-1
250 _a1ST
260 _aINDIA
_bCBS PUB
_c2025
300 _a77
650 _aHUMAN ANATOMY
942 _2ddc
_cBK
999 _c33155
_d33155